LEADER 00962nam0-2200301 --450 001 9910887697203321 005 20240930112636.0 010 $a978-88-459-2262-6 100 $a20240930d2008----kmuy0itay5050 ba 101 1 $aita$cger 102 $aIT 105 $a 001yy 200 1 $aLettere da Torino$fFriedrich Nietzsche$ga cura di Giuliano Campioni$gtraduzione di Vivetta Vivarelli 210 $aMilano$cAdelphi$dc2008 215 $a269 p.$d18 cm 225 1 $aPiccola biblioteca Adelphi$v569 300 $aTrad. condotta sulla base del testo stabilito da Giorgio Colli e Mazzino Montinari. 676 $a193$v22 700 1$aNietzsche,$bFriedrich Wilhelm$0178002 702 1$aCampioni,$bGiuliano 702 1$aVivarelli,$bVivetta 801 0$aIT$bUNINA$gREICAT$2UNIMARC 901 $aBK 912 $a9910887697203321 952 $a192.13 NIEF 044$b2024/10119$fFLFBC 959 $aFLFBC 996 $aLettere da Torino$94270762 997 $aUNINA